000 00361nam a2200133Ia 4500
008 231129s1995||||xx |||||||||||||| ||spa||
020 _a84-487-0213-1
082 _a193 H972in
100 _aHusserl Edmund.
245 0 _aInvestigaciones lógicas (I)
260 _c1995
264 _aBarcelona : Altaya
942 _2ddc
_cBKS
999 _c16008
_d16008